=LDR 00000nam 2200000 4500 =001 INLIS000000000046799 =990 ##$$a 0001/BPAP-NTB/20142015 =990 ##$$a 21100630 =005 20150515150231.0 =006 =007 =008 =035 ##$$0010-051500000000058 =082 ##$$a 028.5 =090 ##$$a 028.5 edw k.2 =100 ##$$a dorothy edwards =245 ##$$a ketika adiku yang nakal bersikat manis =260 ##$$a gramedia pustakautama jakarta =300 ##$$a hln. 96 =850 ##$$a NPBMAT =990 ##$$a 0001/BPAP-NTB/20142015